000 003060000a22000970004500
100 1 _aHeil, John Paul
245 1 0 _aThe double meaning of the narrative of universal judgment in Matthew 25.31-46
300 _aNúm 69 (1998), Páginas 3-14
773 0 _tJournal for the Study of the New Testament
942 _cANA
999 _c56032
_d56032